Acta oeconomica periodical of the Hungarian Academy of sciences

Salvato in:
Dettagli Bibliografici
Natura: Periodico
Lingua:inglese
ungherese
Pubblicazione: Budapest Akadémiai kiadó 1982
Tags: Aggiungi Tag
Nessun Tag, puoi essere il primo ad aggiungerne!!

MARC

LEADER 00000nas2a2200000 4500
001 s121899
005 20250730114208.7
041 0 |a eng 
041 0 |a hun 
044 |a HU 
245 1 0 |a Acta oeconomica  |b periodical of the Hungarian Academy of sciences 
264 1 |a Budapest  |b Akadémiai kiadó  |c 1982 
300 |a 1 zv. 
773 0 |w eu_un_cat*s120305